[Event "Malaga op 15th"]
[Site "Malaga"]
[Date "2021.10.31"]
[Round "6"]
[White "Bernabeu Lopez, Carlos Javier"]
[Black "Gonzalez Serrato, Diego"]
[Result "1/2-1/2"]
[WhiteElo "2420"]
[BlackElo "2026"]
[PlyCount "106"]
[EventDate "2021.10.29"]
[EventType "swiss"]
[EventRounds "7"]
[EventCountry "ESP"]
[SourceTitle "CBM 204 Extra"]
[Source "ChessBase"]
[SourceDate "2021.11.30"]
[SourceVersion "1"]
[SourceVersionDate "2021.11.30"]
[SourceQuality "1"]

1. e4 e5 2. Nf3 Nc6 3. Bb5 Nf6 4. 0-0 Nxe4 5. Qe2 Ng5 6. Bxc6 dxc6 7. Nxg5 Qxg5 8. d4 Qf5 9. dxe5 Be7 10. c3 0-0 11. Nd2 b6 12. Re1 Be6 13. Qe4 Rad8 14. Qxf5 Bxf5 15. Nf3 c5 16. Be3 Rd5 17. c4 Rd7 18. Red1 Rfd8 19. Rxd7 Rxd7 20. Rc1 h6 21. h3 Be4 22. Nd2 Bc6 23. Nb1 Bg5 24. f4 Bh4 25. Bf2 Bxf2+ 26. Kxf2 Rd4 27. g3 Rd3 28. Rc3 Rd1 29. Na3 Rd2+ 30. Ke3 Rxb2 31. Rc2 Rxc2 32. Nxc2 Kf8 33. Kd3 Ke7 34. Ne3 Ke6 35. a3 a6 36. Kc3 Be4 37. Kb3 c6 38. a4 f6 39. exf6 Kxf6 40. h4 Bf3 41. a5 b5 42. Kc3 b4+ 43. Kd3 g5 44. fxg5+ hxg5 45. hxg5+ Kxg5 46. Nf1 Kg4 47. Nd2 Kxg3 48. Nb3 Kf4 49. Nxc5 Ke5 50. Nxa6 Be4+ 51. Kd2 Kd4 52. Nxb4 Kxc4 53. Nxc6 Bxc6 1/2-1/2

[Event "ESP-ch 86th"]
[Site "Linares"]
[Date "2021.08.16"]
[Round "1"]
[White "Gonzalez Serrato, Diego"]
[Black "Anton Guijarro, David"]
[Result "0-1"]
[WhiteElo "2048"]
[BlackElo "2659"]
[PlyCount "88"]
[EventDate "2021.08.16"]
[EventType "swiss"]
[EventRounds "9"]
[EventCountry "ESP"]
[SourceTitle "CBM 204 Extra"]
[Source "ChessBase"]
[SourceDate "2021.11.30"]
[SourceVersion "1"]
[SourceVersionDate "2021.11.30"]
[SourceQuality "1"]

1. e4 c5 2. Nf3 d6 3. Bb5+ Bd7 4. c4 Nf6 5. Nc3 e6 6. 0-0 a6 7. Bxd7+ Nbxd7 8. d3 Be7 9. Rb1 Qc7 10. Bf4 0-0 11. a3 Rab8 12. b4 b5 13. Qe2 Ne5 14. Nd2 Nfd7 15. Rfc1 bxc4 16. dxc4 Nc6 17. b5 Nd4 18. Qd1 Qa5 19. Nb3 Nxb3 20. Rxb3 Ne5 21. Bxe5 dxe5 22. Qd7 Bg5 23. Rcb1 axb5 24. Rxb5 Rxb5 25. Nxb5 Qa4 26. g3 Qc2 27. Rd1 Qxe4 28. Nd6 Qf3 29. Rb1 h5 30. h4 Be3 31. fxe3 Qxg3+ 32. Kh1 Qh3+ 33. Kg1 Qxe3+ 34. Kh1 Qh3+ 35. Kg1 Qg3+ 36. Kh1 Qxh4+ 37. Kg2 Qg4+ 38. Kf2 h4 39. Rg1 Qf4+ 40. Ke1 Qe3+ 41. Kf1 Qf3+ 42. Ke1 h3 43. Qe7 Qe3+ 44. Kf1 h2 0-1

[Event "Merida World Heritage op 1st"]
[Site "Merida"]
[Date "2021.08.07"]
[Round "6"]
[White "Vazquez Gonzalez, Jesus"]
[Black "Gonzalez Serrato, Diego"]
[Result "1-0"]
[WhiteElo "1876"]
[BlackElo "2048"]
[PlyCount "73"]
[EventDate "2021.08.04"]
[EventType "swiss"]
[EventRounds "9"]
[EventCountry "ESP"]
[SourceTitle "EXT 2023"]
[Source "ChessBase"]
[SourceDate "2022.10.05"]
[SourceVersion "1"]
[SourceVersionDate "2022.10.05"]
[SourceQuality "1"]

1. e4 e5 2. Nf3 Nc6 3. Bc4 Bc5 4. c3 Nf6 5. b4 Bb6 6. a4 a5 7. b5 Ne7 8. Nxe5 0-0 9. Nxf7 Rxf7 10. Bxf7+ Kxf7 11. e5 Nfd5 12. d4 d6 13. Qh5+ Kg8 14. exd6 cxd6 15. 0-0 Nf6 16. Qe2 Bf5 17. Bg5 Ned5 18. Re1 Qd7 19. Bxf6 Nxf6 20. Nd2 Rc8 21. Nc4 Qc7 22. Nxb6 Qxb6 23. Qa2+ Kf8 24. Re3 Re8 25. Rxe8+ Kxe8 26. Qe2+ Kf8 27. Re1 h6 28. f3 Kg8 29. g4 Bg6 30. Qc4+ Kh7 31. Re7 Ng8 32. Qc7 Qxc7 33. Rxc7 Bc2 34. Rxb7 Nf6 35. b6 Nd5 36. Rxg7+ Kxg7 37. b7 1-0

[Event "Merida World Heritage op 1st"]
[Site "Merida"]
[Date "2021.08.05"]
[Round "2"]
[White "Gonzalez Serrato, Diego"]
[Black "Grigoryan, Karen H"]
[Result "0-1"]
[WhiteElo "2048"]
[BlackElo "2658"]
[PlyCount "94"]
[EventDate "2021.08.04"]
[EventType "swiss"]
[EventRounds "9"]
[EventCountry "ESP"]
[SourceTitle "CBM 203 Extra"]
[Source "ChessBase"]
[SourceDate "2021.09.30"]
[SourceVersion "1"]
[SourceVersionDate "2021.09.30"]
[SourceQuality "1"]

1. e4 c5 2. Nf3 Nc6 3. Bb5 g6 4. c3 Nf6 5. Qe2 Bg7 6. 0-0 0-0 7. d4 cxd4 8. cxd4 d5 9. e5 Ne4 10. Nc3 Bf5 11. h3 Rc8 12. g4 Nxc3 13. bxc3 Bd7 14. c4 dxc4 15. Bxc4 Bxg4 16. hxg4 Nxd4 17. Nxd4 Qxd4 18. Bb3 Bxe5 19. Be3 Qb4 20. Rab1 Qd6 21. Bxa7 Qf6 22. Rfe1 Bd6 23. Qe4 Qh4 24. Bd4 Ra8 25. Rbc1 Qg5 26. Be3 Qh4 27. Qf3 Ra5 28. Rc4 h5 29. gxh5 Qh2+ 30. Kf1 Rxh5 31. Bf4 Bxf4 32. Rxf4 e6 33. Ke2 Re5+ 34. Re4 Rf5 35. Qg3 Qh5+ 36. Qg4 Qh8 37. Qg2 Qf6 38. Rd1 Rc8 39. Re3 Rcc5 40. Kf1 Rf4 41. f3 Rh5 42. Ke2 Rfh4 43. Kd3 Qd4+ 44. Ke2 Qb2+ 45. Rd2 Rh2 46. Rxb2 Rxg2+ 47. Kd3 Rxb2 0-1

[Event "Andalucia-chA"]
[Site "Roquetas de Mar"]
[Date "2017.05.20"]
[Round "5"]
[White "Perera Borrego, Mariela"]
[Black "Gonzalez Serrato, Diego"]
[Result "1-0"]
[WhiteElo "2128"]
[BlackElo "1793"]
[PlyCount "97"]
[EventDate "2017.05.13"]
[EventType "swiss"]
[EventRounds "8"]
[EventCountry "ESP"]
[SourceTitle "EXT 2020"]
[Source "ChessBase"]
[SourceDate "2019.10.17"]
[SourceVersion "1"]
[SourceVersionDate "2019.10.17"]
[SourceQuality "1"]

1. d4 d5 2. c4 e6 3. cxd5 exd5 4. Nc3 Nf6 5. Bg5 c6 6. Qc2 Be7 7. e3 Nbd7 8. Bd3 Nh5 9. Bxe7 Qxe7 10. Nge2 Nb6 11. 0-0 g6 12. a4 a5 13. Rae1 0-0 14. Nc1 Qb4 15. b3 Ng7 16. f3 Re8 17. Kh1 Be6 18. N1e2 Rad8 19. Na2 Qd6 20. Qc3 Bf5 21. Nec1 Ra8 22. e4 dxe4 23. fxe4 Bg4 24. Bc4 Nxc4 25. bxc4 Rad8 26. d5 cxd5 27. cxd5 f5 28. h3 Bh5 29. Qxa5 fxe4 30. Qb4 Qg3 31. Rxe4 Rf8 32. Ref4 Nf5 33. Nc3 Qe3 34. Ne4 Rde8 35. Kh2 Rc8 36. Qd2 Qxd2 37. Nxd2 Rc2 38. Ncb3 Be2 39. R1f2 Re8 40. Ne4 Kg7 41. g4 Bd3 42. Nec5 Ree2 43. Nxd3 Rxf2+ 44. Rxf2 Rc3 45. gxf5 Rxd3 46. Rd2 Rxd2+ 47. Nxd2 gxf5 48. Kg3 Kf6 49. Kf4 1-0

[Event "Andalucia-chA"]
[Site "Roquetas de Mar"]
[Date "2017.05.19"]
[Round "4"]
[White "Gonzalez Serrato, Diego"]
[Black "Cobo Montejo, Miguel Angel"]
[Result "1-0"]
[WhiteElo "1793"]
[BlackElo "1995"]
[PlyCount "33"]
[EventDate "2017.05.13"]
[EventType "swiss"]
[EventRounds "8"]
[EventCountry "ESP"]
[SourceTitle "EXT 2020"]
[Source "ChessBase"]
[SourceDate "2019.10.17"]
[SourceVersion "1"]
[SourceVersionDate "2019.10.17"]
[SourceQuality "1"]

1. e4 c5 2. Nf3 d6 3. Bb5+ Nd7 4. d4 Qa5+ 5. Nc3 cxd4 6. Qxd4 a6 7. Bxd7+ Bxd7 8. Bd2 e5 9. Nd5 Qd8 10. Nxe5 dxe5 11. Qxe5+ Be6 12. Nc7+ Kd7 13. Ba5 Bb4+ 14. Bxb4 Qxc7 15. 0-0-0+ Kc8 16. Qxg7 Qf4+ 17. Kb1 1-0

[Event "Andalucia-chA"]
[Site "Roquetas de Mar"]
[Date "2017.05.14"]
[Round "3"]
[White "Gonzalez Serrato, Diego"]
[Black "Prieto Velasco, Rafael"]
[Result "1/2-1/2"]
[WhiteElo "1793"]
[BlackElo "1771"]
[PlyCount "105"]
[EventDate "2017.05.13"]
[EventType "swiss"]
[EventRounds "8"]
[EventCountry "ESP"]
[SourceTitle "EXT 2020"]
[Source "ChessBase"]
[SourceDate "2019.10.17"]
[SourceVersion "1"]
[SourceVersionDate "2019.10.17"]
[SourceQuality "1"]

1. e4 e6 2. d4 d5 3. Nc3 Bb4 4. e5 Ne7 5. Nf3 c5 6. a3 Bxc3+ 7. bxc3 Qa5 8. Bd2 Nbc6 9. a4 Bd7 10. Bb5 a6 11. Bxc6 Bxc6 12. 0-0 h6 13. Re1 c4 14. Qb1 Qc7 15. Bc1 0-0 16. Ba3 Rfe8 17. a5 Bb5 18. Bc5 Nc8 19. Nh4 b6 20. axb6 Nxb6 21. f4 Nd7 22. Bd6 Qd8 23. g3 g6 24. Qc1 Kh7 25. Rf1 Nf6 26. f5 exf5 27. Qf4 Ne4 28. Bb4 Bd7 29. Qf3 Be6 30. Qe3 Qg5 31. Qxg5 hxg5 32. Ng2 Kg7 33. Ra5 Rh8 34. Ne3 Rh3 35. Be7 Rah8 36. Bf6+ Nxf6 37. exf6+ Kxf6 38. Rxa6 Kg7 39. Rf2 f4 40. Nf1 fxg3 41. Nxg3 Rb8 42. Ra1 Rb2 43. Kg2 Rh4 44. Re1 Bh3+ 45. Kg1 Be6 46. Rfe2 Rb6 47. Re5 Kh6 48. Ra1 Rb2 49. Rc1 Rf4 50. Kg2 Rh4 51. Kg1 Rf4 52. Kg2 Rh4 53. Kg1 1/2-1/2

[Event "Andalucia-chA"]
[Site "Roquetas de Mar"]
[Date "2017.05.13"]
[Round "2"]
[White "Antunez Munoz, Ines"]
[Black "Gonzalez Serrato, Diego"]
[Result "1/2-1/2"]
[WhiteElo "1932"]
[BlackElo "1793"]
[PlyCount "98"]
[EventDate "2017.05.13"]
[EventType "swiss"]
[EventRounds "8"]
[EventCountry "ESP"]
[SourceTitle "EXT 2020"]
[Source "ChessBase"]
[SourceDate "2019.10.17"]
[SourceVersion "1"]
[SourceVersionDate "2019.10.17"]
[SourceQuality "1"]

1. e4 c5 2. c3 d5 3. exd5 Qxd5 4. d4 cxd4 5. cxd4 Nc6 6. Nf3 e5 7. Nc3 Bb4 8. Bd2 Bxc3 9. Bxc3 e4 10. Nd2 Nf6 11. Qb3 Qxb3 12. Nxb3 Nd5 13. Nc5 f5 14. Bc4 Nce7 15. Bd2 b6 16. Bb5+ Kf7 17. Nb3 a6 18. Bc4 Be6 19. 0-0 Rhc8 20. Rfc1 Kf6 21. Be2 a5 22. h4 h6 23. Rxc8 Rxc8 24. Rc1 Nc6 25. Ba6 Rc7 26. Bb5 Na7 27. Be2 Rxc1+ 28. Nxc1 Nc6 29. Bc3 Ndb4 30. d5+ Ne5 31. dxe6 Kxe6 32. Bxb4 axb4 33. Nb3 Kd5 34. Kf1 g5 35. hxg5 hxg5 36. g3 Ng6 37. Nd2 Ne5 38. Ke1 f4 39. gxf4 gxf4 40. Nb3 Nf7 41. Kd2 Ng5 42. Bg4 Nf7 43. Be2 Ne5 44. Kc2 f3 45. Ba6 Ng4 46. Bb7+ Ke5 47. Nd2 Nxf2 48. Nxf3+ exf3 49. Bxf3 Kd4 1/2-1/2

[Event "Andalucia-chA"]
[Site "Roquetas de Mar"]
[Date "2017.05.13"]
[Round "1"]
[White "Sanjuan Garcia, Miguel"]
[Black "Gonzalez Serrato, Diego"]
[Result "1/2-1/2"]
[WhiteElo "1996"]
[BlackElo "1793"]
[PlyCount "90"]
[EventDate "2017.05.13"]
[EventType "swiss"]
[EventRounds "8"]
[EventCountry "ESP"]
[SourceTitle "EXT 2020"]
[Source "ChessBase"]
[SourceDate "2019.10.17"]
[SourceVersion "1"]
[SourceVersionDate "2019.10.17"]
[SourceQuality "1"]

1. e4 c5 2. Nf3 Nc6 3. Nc3 Nf6 4. Bb5 a6 5. Bxc6 dxc6 6. d3 Qc7 7. h3 e5 8. Be3 Be6 9. 0-0 h6 10. Nd2 b5 11. f4 exf4 12. Bxf4 Bd6 13. Bxd6 Qxd6 14. Nf3 Nd7 15. Qe1 Ne5 16. Ne2 0-0 17. Qc3 Nxf3+ 18. Rxf3 b4 19. Qd2 f5 20. exf5 Rxf5 21. Rxf5 Bxf5 22. Rf1 Qe5 23. b3 Re8 24. Rf2 g5 25. Qc1 Bg6 26. Qf1 Qe3 27. Kh2 Kg7 28. Ng1 Bh5 29. Kh1 Qg3 30. Qa1+ Qe5 31. Qxe5+ Rxe5 32. Rf1 Re3 33. Kh2 g4 34. hxg4 Bxg4 35. g3 h5 36. Kg2 a5 37. Kf2 Re7 38. Re1 Rxe1 39. Kxe1 Kf6 40. Ne2 Ke5 41. Kd2 Bf3 42. Ke3 Bg4 43. Ng1 Bd1 44. Kd2 Bg4 45. Ke3 Bd1 1/2-1/2

[Event "Andalucia-ch U14"]
[Site "Huelva"]
[Date "2014.04.26"]
[Round "5.6"]
[White "Redondo Benavente, Ana"]
[Black "Gonzalez Serrato, Diego"]
[Result "1/2-1/2"]
[WhiteElo "1651"]
[BlackElo "1406"]
[PlyCount "35"]
[EventDate "2014.04.25"]
[EventType "swiss"]
[EventRounds "9"]
[EventCountry "ESP"]
[SourceTitle "EXT 2024"]
[Source "ChessBase"]
[SourceDate "2023.10.10"]
[SourceVersion "1"]
[SourceVersionDate "2023.10.10"]
[SourceQuality "1"]

1. e4 e6 2. d4 d5 3. Nd2 c5 4. exd5 exd5 5. Ngf3 Nf6 6. dxc5 Bxc5 7. Bd3 0-0 8. 0-0 Re8 9. Nb3 Bb6 10. Bg5 Nc6 11. Bb5 a6 12. Ba4 Re4 13. Bxc6 bxc6 14. Nbd4 Bxd4 15. Nxd4 c5 16. Nc6 Qb6 17. Bxf6 Qxc6 18. f3 1/2-1/2

[Event "Andalucia-ch U12"]
[Site "Islantilla"]
[Date "2012.04.15"]
[Round "8"]
[White "Moreno Lopez, Avelino"]
[Black "Gonzalez Serrato, Diego"]
[Result "0-1"]
[WhiteElo "1447"]
[BlackElo "1384"]
[PlyCount "54"]
[EventDate "2012.04.13"]
[EventType "swiss"]
[EventRounds "9"]
[EventCountry "ESP"]
[SourceTitle "CBM 148 Extra"]
[Source "ChessBase"]
[SourceDate "2012.06.22"]
[SourceVersion "1"]
[SourceVersionDate "2012.06.22"]
[SourceQuality "1"]

1. e4 e6 2. c4 Nf6 3. Nc3 Bb4 4. Qb3 Nc6 5. d3 Nd4 6. Qd1 0-0 7. Be3 c5 8. Nge2 d5 9. cxd5 exd5 10. e5 Ng4 11. Nxd4 Nxe3 12. fxe3 cxd4 13. exd4 Qh4+ 14. g3 Qxd4 15. Qb3 Re8 16. 0-0-0 Bg4 17. Rd2 Rxe5 18. a3 Bxc3 19. bxc3 Rc8 20. Rc2 Qe3+ 21. Kb1 Rc6 22. d4 Re7 23. Qxd5 Rd7 24. Qa5 Rb6+ 25. Bb5 h6 26. a4 Rbd6 27. Qxa7 Bf5 0-1

[Event "Andalucia-ch U12"]
[Site "Islantilla"]
[Date "2012.04.14"]
[Round "5"]
[White "Cabrera Valverde, Cristina"]
[Black "Gonzalez Serrato, Diego"]
[Result "0-1"]
[WhiteElo "1529"]
[BlackElo "1384"]
[PlyCount "44"]
[EventDate "2012.04.13"]
[EventType "swiss"]
[EventRounds "9"]
[EventCountry "ESP"]
[SourceTitle "CBM 148 Extra"]
[Source "ChessBase"]
[SourceDate "2012.06.22"]
[SourceVersion "1"]
[SourceVersionDate "2012.06.22"]
[SourceQuality "1"]

1. e4 e6 2. d4 d5 3. Nc3 dxe4 4. Nxe4 Bd7 5. Bd3 Bc6 6. Nf3 Nd7 7. c3 Ngf6 8. Nxf6+ Nxf6 9. 0-0 Be7 10. Ne5 Be4 11. Bxe4 Nxe4 12. Qf3 Nd6 13. c4 0-0 14. Qg4 Bf6 15. Rd1 Qe7 16. Rd3 Bxe5 17. dxe5 Nf5 18. Bg5 Qc5 19. Rf3 Qxe5 20. Rc3 Qd4 21. Qh5 f6 22. Rd1 Qe4 0-1